01422nam a22003617a 4500003000500000005001700005008004100022010001000063011001000073020001500083035001100098040000900109082001600118100003800134245011700172260007900289300003800368590004100406590004100447590004100488590004100529590004100570590004200611650003400653650003200687650005100719650003100770901000700801942001000808949007900818999001700897952014600914CHAP20220329143321.0080605s2007 mx a r 00010 spa d a94887 a95859 a9707642254 a106491 cCHAP04a633.15bM3700aMariaca Méndez, Ramón.97135613aLa milpa tsotsil de los Altos de Chiapas y sus recursos genéticosc/por Ramón Mariaca Méndez ...[ y otros] aSan Cristóbal de las Casas, Chis. :bEl Colegio de la Fontera Sur,c2007 a272 p. :bilus. ; cuadros ; mapas aBATCH-UPDb10c20130110lUCH01h0450 aBATCH-UPDb10c20130110lUCH01h2318 aBATCH-UPDb10c20130410lUCH01h0127 aBATCH-UPDb10c20130410lUCH01h1609 aBATCH-UPDb10c20130914lUCH01h0012 aCONVERSIONb10c20130109lUCH01h135214aAgricultura de laderas.9199614aAgriculturaxChiapas.9135514aMaízxAspectos económicosxChiapas.97086614aMaízxGenética.970963 aBK cLIBRO a633.15 M37bBCcLIBROd33724002057868eLIBROgDonaciØnh109622i106491si c94887d94887 00102ddc4052708GRALaBCbBCcPP_GRALd2019-12-31eDonacionfLIBROl0o633.15 M37p33724002057868r2019-12-31 00:00:00w2019-12-31yLIBRO